Sports Quiz

Random Sports or World Quiz
Score 0/115 Timer 12:00
0 Plays Today
Team Player % Correct
Houston AstrosJose Altuve
85.7%
Washington NationalsHowie Kendrick
71.4%
San Francisco GiantsEdgar Renteria
71.4%
Boston Red SoxJohnny Damon
71.4%
Anaheim AngelsGarrett Anderson
71.4%
Arizona DiamondbacksLuis Gonzalez
71.4%
New York Yankees Tino Martinez
71.4%
New York Yankees Bernie Williams
71.4%
Florida MarlinsEdgar Renteria
71.4%
New York Yankees Bernie Williams
71.4%
Toronto Blue JaysJoe Carter
71.4%
Toronto Blue Jays Dave Winfield
71.4%
Minnesota TwinsGene Larkin
71.4%
Los Angeles Dodgers Mike Davis
71.4%
Pittsburgh PiratesWillie Stargell
71.4%
Cincinnati RedsJohnny Bench
71.4%
Cincinnati RedsJoe Morgan
71.4%
Oakland Athletics Reggie Jackson
71.4%
St Louis CardinalsBob Gibson
71.4%
Baltimore Orioles Frank Robinson
71.4%
Los Angeles Dodgers Willie Davis
71.4%
Pittsburgh PiratesBill Mazeroski
71.4%
New York Yankees Elston Howard
71.4%
New York Yankees Yogi Berra
71.4%
New York YankeesBilly Martin
71.4%
New York Yankees Mickey Mantle
71.4%
New York YankeesYogi Berra
71.4%
Cleveland Indians Eddie Robinson
71.4%
Chicago CubsFrank Chance
71.4%
Chicago White SoxGeorge Davis
71.4%
Boston Red SoxSteve Pearce
57.1%
Chicago CubsMiguel Montero
57.1%
Boston Red SoxShane Victorino
57.1%
St Louis Cardinals Allen Craig
57.1%
New York YankeesHideki Matsui
57.1%
St Louis Cardinals David Eckstein
57.1%
Chicago White SoxJermaine Dye
57.1%
Florida Marlins Luis Castillo
57.1%
Minnesota TwinsGreg Gagne
57.1%
Team Player % Correct
New York Mets Keith Hernandez
57.1%
Philadelphia Phillies Mike Schmidt
57.1%
New York YankeesBucky Dent
57.1%
New York Yankees Lou Piniella
57.1%
Oakland Athletics Joe Rudi
57.1%
Oakland Athletics Sal Bando
57.1%
New York Yankees Tony Kubek
57.1%
Milwaukee Braves Eddie Mathews
57.1%
Boston BravesJohnny Evers
57.1%
Kansas City RoyalsChristian Colon
42.9%
San Francisco GiantsMichael Morse
42.9%
San Francisco GiantsMarco Scutaro
42.9%
Atlanta BravesDavid Justice
42.9%
Cincinnati RedsHal Morris
42.9%
Baltimore OriolesEddie Murray
42.9%
St Louis CardinalsGeorge Hendrick
42.9%
Pittsburgh PiratesJose Pagan
42.9%
Detroit TigersJim Northrup
42.9%
St Louis Cardinals Tim McCarver
42.9%
New York Yankees Roger Maris
42.9%
New York YankeesTommy Henrich
42.9%
St Louis Cardinals Harry Walker
42.9%
New York YankeesBill Dickey
42.9%
New York YankeesJoe Gordon
42.9%
New York YankeesJoe DiMaggio
42.9%
New York YankeesTommy Henrich
42.9%
New York YankeesLefty Gomez
42.9%
New York YankeesTony Lazzeri
42.9%
New York GiantsMel Ott
42.9%
Boston Red SoxLarry Gardner
42.9%
Philadelphia PhilliesPedro Feliz
28.6%
Boston Red SoxBobby Kielty
28.6%
New York YankeesLuis Sojo
28.6%
Oakland AthleticsTony Phillips
28.6%
Kansas City Royals Darryl Motley
28.6%
Detroit Tigers Lance Parrish
28.6%
Los Angeles Dodgers Pedro Guerrero
28.6%
Baltimore OriolesPaul Blair
28.6%
Los Angeles Dodgers Lou Johnson
28.6%
Team Player % Correct
Brooklyn Dodgers Gil Hodges
28.6%
St Louis CardinalsFrankie Frisch
28.6%
Philadelphia AthleticsBing Miller
28.6%
Philadelphia AthleticsBing Miller
28.6%
New York YankeesEarle Combs
28.6%
Cleveland IndiansLarry Gardner
28.6%
Boston Red SoxHarry Hooper
28.6%
Philadelphia AthleticsHome Run Baker
28.6%
Pittsburgh PiratesHam Hyatt
28.6%
New York MetsRon Swoboda
14.3%
New York Yankees Jerry Coleman
14.3%
Detroit TigersPaul Richards
14.3%
New York YankeesGene Robertson
14.3%
New York YankeesBob Meusel
14.3%
New York GiantsHigh Pockets Kelly
14.3%
Chicago White SoxChick Gandil
14.3%
Los Angeles Dodgers Johnny Podres
0%
New York Giants Monte Irvin
0%
New York YankeesHank Bauer
0%
St Louis Cardinals Emil Verban
0%
St Louis CardinalsWhitey Kurowski
0%
Cincinnati RedsBilly Myers
0%
Detroit TigersGoose Goslin
0%
New York YankeesJoe Sewell
0%
St Louis CardinalsGeorge Watkins
0%
St Louis CardinalsTommy Thevenow
0%
Pittsburgh PiratesKiki Cuyler
0%
Washington SenatorsEarl McNeely
0%
New York GiantsDave Bancroft
0%
Cincinnati RedsGreasy Neale
0%
Boston Red SoxDave Shean
0%
Boston Red SoxHal Janvrin
0%
Philadelphia AthleticsJack Barry
0%
Philadelphia AthleticsBris Lord
0%
Chicago CubsHarry Steinfeldt
0%
New York GiantsBilly Gilbert
0%
Boston AmericansHobe Ferris
0%
Remove Ads.
Support Sporcle.
Get the best of Sporcle when you Go Orange. This ad-free experience offers more features, more stats, and more fun while also helping to support Sporcle. Thank you for becoming a member.

You're not logged in!

Compare scores with friends on all Sporcle quizzes.
OR
Log In

Sporcle TV

Today on Sporcle TV


Watch our educational content, quiz creation guides, and fun videos on Sporcle TV.

Show Comments

Extras

Top Quizzes Today


Score Distribution

Paid Content

Your Account Isn't Verified!

In order to create a playlist on Sporcle, you need to verify the email address you used during registration. Go to your Sporcle Settings to finish the process.

Report this User

Report this user for behavior that violates our Community Guidelines.

Details: